Hunter S Thompson Books - Statistics

General Stats
  • This quiz has been taken 28 times
  • The average score is 5 of 14
Answer Stats
Answer % Correct
Fear and Loathing in Las Vegas
100%
Fear and Loathing on the Campaign Trail
63%
Hells Angels
54%
Rum Diary
50%
Generation of Swine
33%
The Curse of Lono
29%
The Great Shark Hunt
29%
Hey Rube
21%
Kingdom of Fear
21%
The Proud Highway
21%
Better than Sex
17%
Screwjack
17%
Songs of the Doomed
13%
Fear and Loathing in America
8%
No matching quizzes found
Score Distribution
Percent of People with Each Score
Percentile by Number Answered
Your Score History
You have not taken this quiz